00732nam a22002297a 450000500170000001000220001702000270003902000320006603500170009803500140011503500130012903700150014203700130015708200110017024501210018126000450030227000660034730000230041370000210043670000200045770000250047720180301102924.0 a1617EN ENG-117471 c1195.00a9780198787334 c1295.00 (AV)a9780198787334 aB-650160-170 aEN-101003 aB-664936 bUppaladpl bDBAD/PUB a342.54 aThe oxford handbook of the Indian constitution / cedited by Sujit Choudhry, Madhav khosla [and] Pratap Bhanu Mehta aNew DelhibOxford University Pressc2016 aYMCA Library Building, 1, Jai Singh Road, bNew Delhie110001 a1048p. c24cm(pbk) aChoudhry, Sujit  a Khosla, Madhav aMehta, Pratap Bhanu